La créance et le droit commercial dans l'antiquité / (Record no. 163395)

MARC details
000 -LEADER
campo de control de longitud fija 00611nam a22001695i 4500
001 - NÚMERO DE CONTROL
campo de control 163395
003 - IDENTIFICADOR DE NÚMERO DE CONTROL
campo de control ES-MaACL
005 - FECHA Y HORA DE LA ÚLTIMA TRANSACCIÓN
campo de control 20230906212731.0
008 - DATOS DE LONGITUD FIJA--INFORMACIÓN GENERAL
campo de control de longitud fija 050728s1897 fr | |||||||| ||fre d
040 ## - FUENTE DE CATALOGACIÓN
Centro catalogador/agencia de origen CAM
Lengua de catalogación spa
Centro/agencia transcriptor CAM
100 1# - ENTRADA PRINCIPAL--NOMBRE DE PERSONA
Nombre de persona Revillout, Eugéne.
9 (RLIN) 96448
245 13 - MENCIÓN DEL TÍTULO
Título La créance et le droit commercial dans l'antiquité /
Mención de responsabilidad, etc. E. Revillout.
260 ## - PUBLICACIÓN, DISTRIBUCIÓN, ETC.
Lugar de publicación, distribución, etc. Le Puy-en Velay :
Nombre del editor, distribuidor, etc. [s.n.],
Fecha de publicación, distribución, etc. 1897 (
Fabricante Imprimerie R. Marchessou)
300 ## - DESCRIPCIÓN FÍSICA
Extensión V, 336 p. ;
Dimensiones 26 cm.
752 ## - ENTRADA AGREGADA--NOMBRE JERÁRQUICO DEL LUGAR
País o entidad superior Francia -
Ciudad Le Puy en Velay
852 ## - LOCALIZACIÓN
Ubicación ES-MaACL
Número de control de estantería B-4347
Nota libre -- Rúst., deteriorada
condición física -- Falto de las pag. de prelim. y hasta la p. 42
Holdings
Estatus retirado Estado de pérdida Estado de daño No para préstamo Colección Biblioteca de origen Biblioteca actual Ubicación en estantería Fecha de adquisición Fuente de adquisición Total de préstamos Signatura topográfica completa Código de barras Visto por última vez Precio de reemplazo Tipo de ítem Koha
        Libros del s. XIX Biblioteca del Ateneo de Madrid Biblioteca del Ateneo de Madrid Sala Pardo Bazán 17/01/2008     B-4347 1171223 23/02/2023 23/02/2023 Libro impreso antiguo